000 01500nam a22002897a 4500
001 9605
003 FISKH
005 20260126095300.0
008 260126b cb ||||| |||| 00| 0 eng d
020 _a9780261102361
040 _aFISKH
_beng
_cFISKH
_dFISKH
050 _aPR6039 .O32
082 _a823.087661
100 _aTolkien , J. R. R.
245 _aThe two towers /
_cBy J. R. R. Tolkien
260 _aLondon :
_bHarper Collins Publishers ,
_c1954 .
300 _a971 pages :
_billustrations ;
_cmaps ,
490 _aThe lord of the rings
_vPart 2
505 _aT
520 _aThe Two Towers is the second part of J.R.R. Tolkien's epic adventure, The Lord of the Rings. Frodo and the companions of the Ring have been beset by danger during their quest to prevent the Ruling Ring from falling into the hands of the Dark Lord, Sauron, by destroying it in the Cracks of Doom. They have lost the wizard Gandalf in a battle with an evil spirit int he Mines of Moria; and at the Falls of Rauros, Boromir, seduced by the power of the Ring tried to seize it by force. While Frodo and Sam made their escape, the rest of the company was attacked by Orcs. Now they continue their journey alone down the great River Anduin---alone, that is, save for the mysterious creeping figure that follows wherever they go.
521 8 _a810
_bLexile
521 8 _aT
_bRaz-Plus
650 _aMiddle Earth
_vFiction
650 _aHobbits
_vFiction
942 _2ddc
_cBK
_n0
999 _c9605
_d9605